<?xml version="1.0" encoding="UTF-8"?><marc:collection xmlns:marc="http://www.loc.gov/MARC21/slim">
  <marc:record>
    <marc:leader>00000nam  2200000za 4500</marc:leader>
    <marc:controlfield tag="001">9.631582</marc:controlfield>
    <marc:controlfield tag="003">CaOODSP</marc:controlfield>
    <marc:controlfield tag="005">20240624082217</marc:controlfield>
    <marc:controlfield tag="007">cr |||||||||||</marc:controlfield>
    <marc:controlfield tag="008">150407|2004||||xxc|||||o    f|0| 0 fre d</marc:controlfield>
    <marc:datafield tag="020" ind1=" " ind2=" ">
      <marc:subfield code="a">0-662-77756-5</marc:subfield>
    </marc:datafield>
    <marc:datafield tag="040" ind1=" " ind2=" ">
      <marc:subfield code="a">CaOODSP</marc:subfield>
      <marc:subfield code="b">fre</marc:subfield>
    </marc:datafield>
    <marc:datafield tag="043" ind1=" " ind2=" ">
      <marc:subfield code="a">n-cn---</marc:subfield>
    </marc:datafield>
    <marc:datafield tag="086" ind1="1" ind2=" ">
      <marc:subfield code="a">CP22-78/2004F-PDF</marc:subfield>
    </marc:datafield>
    <marc:datafield tag="245" ind1="0" ind2="3">
      <marc:subfield code="a">La réglementation intelligente : </marc:subfield>
      <marc:subfield code="h">[ressource électronique] </marc:subfield>
      <marc:subfield code="b">une stratégie réglementaire pour le Canada / </marc:subfield>
      <marc:subfield code="c">[préparé] par le Comité consultatif externe sur la réglementation intelligente. </marc:subfield>
    </marc:datafield>
    <marc:datafield tag="260" ind1=" " ind2=" ">
      <marc:subfield code="a">Ottawa - Ontario : </marc:subfield>
      <marc:subfield code="b">Bureau du Conseil privé </marc:subfield>
      <marc:subfield code="c">2004.</marc:subfield>
    </marc:datafield>
    <marc:datafield tag="300" ind1=" " ind2=" ">
      <marc:subfield code="a">164 p.</marc:subfield>
    </marc:datafield>
    <marc:datafield tag="500" ind1=" " ind2=" ">
      <marc:subfield code="a">«Le Comité consultatif externe sur la réglementation intelligente recommande dans le présent rapport un changement majeur de la perspective et des pratiques canadiennes en matière de réglementation. Le Canada a de solides assises réglementaires, qui, toutefois, selon les observations du Comité, sont soumises à des pressions constantes en vue d'accroître l'efficacité, l'adaptabilité, l'efficience, la transparence et l'imputabilité du système réglementaire envers les Canadiens.»--Page 9, Vue d'ensemble. Les données de catalogage avant publication (Canada) pour l'édition en papier sont imprimées dans l'édition en PDF.</marc:subfield>
    </marc:datafield>
    <marc:datafield tag="520" ind1="3" ind2=" ">
      <marc:subfield code="a">Ce rapport final a été préparé par le Comité consultatif externe sur la réglementation intelligente, qui devait déterminer des façons d’améliorer le système réglementaire en vue de préserver le bien-être du Canada dans l’avenir. Il établit une vision et des principes sur lesquels reposera la réglementation intelligente; propose des recommandations en vue de l’élaboration d’une nouvelle stratégie réglementaire fédérale; et formule des recommandations pour une réglementation intelligente dans divers secteurs de l’économie – par exemple, fabrication et approbation de produits, biotechnologie et sciences de la vie, exploration et mise en valeur des ressources pétrolières et gazières.</marc:subfield>
    </marc:datafield>
    <marc:datafield tag="590" ind1=" " ind2=" ">
      <marc:subfield code="a">05-05</marc:subfield>
      <marc:subfield code="b">2005-02-04</marc:subfield>
    </marc:datafield>
    <marc:datafield tag="691" ind1="0" ind2="7">
      <marc:subfield code="a">Ministre</marc:subfield>
      <marc:subfield code="2">gcpds</marc:subfield>
    </marc:datafield>
    <marc:datafield tag="691" ind1="0" ind2="7">
      <marc:subfield code="a">Services administratifs</marc:subfield>
      <marc:subfield code="2">gcpds</marc:subfield>
    </marc:datafield>
    <marc:datafield tag="710" ind1="1" ind2=" ">
      <marc:subfield code="a">Canada. </marc:subfield>
      <marc:subfield code="b">Bureau du Conseil privé.</marc:subfield>
    </marc:datafield>
    <marc:datafield tag="775" ind1="0" ind2="8">
      <marc:subfield code="t">Smart regulation for Canada : </marc:subfield>
      <marc:subfield code="w">(CaOODSP)9.687121</marc:subfield>
    </marc:datafield>
    <marc:datafield tag="776" ind1="0" ind2="#">
      <marc:subfield code="t">La réglementation intelligente : </marc:subfield>
      <marc:subfield code="w">(CaOODSP)9.682608</marc:subfield>
    </marc:datafield>
    <marc:datafield tag="856" ind1="4" ind2="0">
      <marc:subfield code="a">http://publications.gc.ca</marc:subfield>
      <marc:subfield code="q">PDF</marc:subfield>
      <marc:subfield code="s">649 Ko</marc:subfield>
      <marc:subfield code="u">https://publications.gc.ca/collections/Collection/CP22-78-2004F.pdf</marc:subfield>
    </marc:datafield>
  </marc:record>
</marc:collection>
